Southville International School and Colleges
Your cart is empty.
  • Cart
  • Lists
    Public lists Eva Luna New books Lux_list list_1
    Your lists Log in to create your own lists
  • Log in to your account
  • Your cookies
  • Search history
Southville International School and Colleges
  • Advanced search
  • Recent comments
  • Most popular
  • Libraries

Log in to your account

Log in with GOOGLE


If you do not have an external account, but do have a local account, you can still log in:

  1. Home
  2. MARC view: Systems analysis and design /
Normal view MARC view ISBD view

Systems analysis and design / (Record no. 363156)

[ view plain ]
MARC details
000 -LEADER
fixed length control field 00665nam a2200253Ia 4500
008 - FIXED-LENGTH DATA ELEMENTS--GENERAL INFORMATION
fixed length control field 200601s9999 xx 000 0 und d
020 ## - INTERNATIONAL STANDARD BOOK NUMBER
International Standard Book Number 978-1-119-58588-6
050 ## - LIBRARY OF CONGRESS CALL NUMBER
Classification number ComSc QA 76.9
050 ## - LIBRARY OF CONGRESS CALL NUMBER
Item number .S88D46 2019
100 ## - MAIN ENTRY--PERSONAL NAME
Personal name Dennis, Alan.
245 #0 - TITLE STATEMENT
Title Systems analysis and design /
245 #0 - TITLE STATEMENT
Statement of responsibility, etc Alan Dennis, Barbara Haley Wixom, Roberta M. Roth.
250 ## - EDITION STATEMENT
Edition statement 7th Edition
260 ## - PUBLICATION, DISTRIBUTION, ETC. (IMPRINT)
Place of publication, distribution, etc New Jersey :
260 ## - PUBLICATION, DISTRIBUTION, ETC. (IMPRINT)
Name of publisher, distributor, etc Wiley,
260 ## - PUBLICATION, DISTRIBUTION, ETC. (IMPRINT)
Date of publication, distribution, etc 2019
300 ## - PHYSICAL DESCRIPTION
Extent 444 pages :
300 ## - PHYSICAL DESCRIPTION
Other physical details illustrations ;
300 ## - PHYSICAL DESCRIPTION
Dimensions 26 cm.
500 ## - GENERAL NOTE
General note Includes index.
650 ## - SUBJECT ADDED ENTRY--TOPICAL TERM
Topical term or geographic name as entry element Computer architecture.
650 ## - SUBJECT ADDED ENTRY--TOPICAL TERM
Topical term or geographic name as entry element System design.
650 ## - SUBJECT ADDED ENTRY--TOPICAL TERM
General subdivision System analysis.
Holdings
Withdrawn status Lost status Damaged status Home library Current library Shelving location Date acquired Cost, normal purchase price Total Checkouts Full call number Barcode Date last seen Price effective from Koha item type
      South Mansfield College South Mansfield College   01/15/2020 10995.00   ComSc QA 76.9 .S88D46 2019 SMC06319 06/01/2020 06/01/2020 Books

Systems analysis and design /

APA

Dennis A., .Systems analysis and design. New Jersey: .

Chicago

Dennis Alan, .Systems analysis and design. New Jersey: .

Harvard

Dennis A., .Systems analysis and design. New Jersey: .

MLA

Dennis Alan, .New Jersey: . .

  • Place hold
  • Print
  • Cite
  • Add to your cart (remove)
  • Save record
    BIBTEX Dublin Core MARCXML MARC (non-Unicode/MARC-8) MARC (Unicode/UTF-8) MARC (Unicode/UTF-8, Standard) MODS (XML) RIS
  • More searches
    Search for this title in:
    Other Libraries (WorldCat) Other Databases (Google Scholar) Online Stores (Bookfinder.com) Open Library (openlibrary.org)

Exporting to Dublin Core...

SOUTHVILLE LIBRARY

Southville International School and Colleges Library

1281 Tropical Ave. Cor. Luxembourg St., BF Homes International, Las Pinas City

Tel. No. 8256374 / 252358 Loc. 117/146

Powered by Koha